Causas de la revolución francesa

Сохранить в:
Библиографические подробности
Главный автор: Jaurès, Jean (Автор)
Формат:
Язык:испанский
Опубликовано: Barcelona Crítica 1982
Редактирование:2a. ed
Серии:Estudios y Ensayos, 45
Предметы:
Метки: Добавить метку
Нет меток, Требуется 1-ая метка записи!

MARC

LEADER 00000nam a2200000 a 4500
001 UCO0815
003 CL-VaPUC
008 000428e19820000SP |||||||||||||||||spa|d
082 0 4 |a 944.04  |b JAU  |2 21 
100 |a Jaurès, Jean  |e author  |9 442351 
245 1 0 |a Causas de la revolución francesa 
250 |a 2a. ed 
300 |a 190 p 
942 |c BK 
945 |d 20000428 00:00:00  |a rherrera 
260 |a Barcelona  |b Crítica  |c 1982 
650 0 |a Historia de Francia  |9 336927 
650 0 |a Revolución francesa  |9 324244 
650 7 |a CAUSAS  |2 CL-VaPUC  |9 397687 
651 0 |a Francia  |9 255157 
583 |a last modification  |c 20000428 00:00:00  |k Rodrigo Vera 
490 0 |a Estudios y Ensayos, 45 
999 |c 287461  |d 287459 
952 |0 0  |1 0  |4 0  |6 944_040000000000000_JAU_1982  |7 0  |8 A  |9 334326  |a BIBHIS  |b BIBHIS  |d 2019-11-20  |i 1266632  |o 944.04 JAU 1982  |p 1266632  |r 2025-01-20  |w 2019-11-20  |y BK  |k HIS